MCG puts measures in place to complete its qualified workforce project (Record no. 77427)

MARC details
000 -LEADER
fixed length control field 01171cab a2200217 4500
001 - CONTROL NUMBER
control field ##L134252
008 - FIXED-LENGTH DATA ELEMENTS--GENERAL INFORMATION
fixed length control field 060720n2006 000 0 eng u
035 ## - SYSTEM CONTROL NUMBER
System control number (Sirsi) u134252
041 0# - LANGUAGE CODE
Language code of text/sound track or separate title eng
110 2# - MAIN ENTRY--CORPORATE NAME
Corporate name or jurisdiction name as entry element Major Contractors Group
9 (RLIN) 4988
245 00 - TITLE STATEMENT
Title MCG puts measures in place to complete its qualified workforce project
260 ## - PUBLICATION, DISTRIBUTION, ETC.
Date of publication, distribution, etc. 2006
490 #0 - SERIES STATEMENT
Series statement MCG Press Release
Volume/sequential designation 11 July 2006
520 ## - SUMMARY, ETC.
Summary, etc. Members of the Major Contractors Group (MCG) have announced measures to complete the initiative to ensure a fully qualified workforce on their construction sites. From 1 October 2006, everyone working on a MCG site will have to have an appropriate Construction Skills Certification Scheme (CSCS) card or be actively seeking one through Skills Direct, whilst with effect from 1 January 2007, everybody working on site will have to possess such a card.
590 ## - LOCAL NOTE (RLIN)
Local note IKA010806
650 24 - SUBJECT ADDED ENTRY--TOPICAL TERM
Topical term or geographic name entry element CONSTRUCTION SKILLS CERTIFICATION SCHEME
651 #4 - SUBJECT ADDED ENTRY--GEOGRAPHIC NAME
Geographic name United Kingdom
Chronological subdivision
690 ## - LOCAL SUBJECT ADDED ENTRY--TOPICAL TERM (OCLC, RLIN)
Topical term or geographic name as entry element CAREERS, EDUCATION AND TRAINING-RICS POST-QUALIFICATION CERTIFICATION SCHEMES
856 41 - ELECTRONIC LOCATION AND ACCESS
Uniform Resource Identifier <a href="https://www.mcg.org.uk/">https://www.mcg.org.uk/</a>
Public note View the item free of charge at www.mcg.org.uk/...
942 ## - ADDED ENTRY ELEMENTS (KOHA)
Suppress in OPAC 0
Holdings
Withdrawn status Lost status Source of classification or shelving scheme Damaged status Not for loan Home library Current library Shelving location Date acquired Total Checkouts Full call number Barcode Date last seen Copy number Price effective from Koha item type
    Dewey Decimal Classification     Virtual Virtual Online 20/07/2006   ONLINE PUBLICATION 134252-1001 06/08/2019 1 06/08/2019 Journal article